000 00747nmm a2200289 a 4500
003 AR-BaBNM
005 20251128204814.0
008 126019s1994 ||||||||||||||000 | spa||
020 _a950-9293-35-4
040 _cAR-BaBNM
100 1 _aFarrell, Gerardo T.
245 1 0 _aArgentina como cultura
_breflexiones sobre modernización y liberación
250 _a2ª ed.
260 _aBuenos Aires
_bDocencia
_c1994
300 _a62 p.
500 _aNotas en p. 58-62
600 1 4 _aPerón, Juan Domingo
600 1 4 _aIrigoyen, Bernardo De
650 4 _aMODERNIZACION
650 4 _aCULTURA
650 4 _aIGLESIA
650 4 _aMOVIMIENTO OBRERO
650 4 _aTRABAJO PASTORAL
651 4 _aArgentina
942 _cBK
998 _cGLORIA
999 _c8900
_d8900